000
00342nam a2200145Ia 4500
005
20241024060657.0
008
240331s9999 xx 000 0 und d
082
_b
WIJ
_a
821
100
_a
Wijeratne,K
245
4
_a
The smell of araliya
260
_a
Ampitiya
_b
Samararatna printers
_c
1983
300
_a
44 p .,
650
_a
poems
942
_c
L
999
_c
3330
_d
3330